000 00568cam a22002171 4500
001 751512
005 20180213034051.0
008 711216s1964 paua b 000 0 eng
010 _a 64014455
040 _aDLC
_cDLC
_dDLC
041 _aeng
080 _a610.73
082 0 0 _a610.73 BRU
100 1 _a2
101 _aINF
245 1 0 _aTextbook of medical-surgical nursing
_c[by] Brunner [and others]
504 _aIncludes bibliographies.
740 _aMedical-surgical nursing.
906 _a7
_bcbc
_corignew
_du
_eocip
_f19
_gy-gencatlg
942 _2ddc
_cBK
999 _c42339
_d42339